000 00316nam a22001337a 4500
008 190129b xxu||||| |||| 00| 0 eng d
020 _a9780495897743
041 _aeng
080 _a316
100 _a50
101 _aSOC
245 _aGender Lives Communication, Gender, and Culture
_cWood,J.T
942 _2udc
_cBK
999 _c53838
_d53838